[Event "FIDE Chesscom Grand Swiss 2019"]
[Site "Douglas-Isle of Man"]
[Date "2019.10.19"]
[Round "9.22"]
[White "Zhang, Zhong"]
[Black "Sargissian, Gabriel"]
[Result "1/2-1/2"]
[WhiteElo "2636"]
[BlackElo "2690"]
[Annotator "TA"]
[PlyCount "150"]
[EventDate "2019.10.10"]
[EventType "swiss"]
[EventCountry "GBR"]
[SourceTitle "playchess.com"]
[Source "ChessBase"]
[SourceQuality "1"]

{[%evp 13,150,14,14,2,27,15,19,19,22,10,0,0,0,0,0,0,0,0,36,0,0,0,0,0,26,0,0,0,0,0,0,0,1,0,0,0,56,10,24,23,43,13,27,20,44,0,0,0,0,1,44,0,53,30,51,54,54,0,62,57,92,40,40,15,20,3,2,3,6,0,8,0,34,25,33,23,26,25,28,8,100,8,8,8,8,8,8,8,10,11,18,18,18,0,0,0,0,0,0,0,0,0,0,0,0,0,0,0,0,0,0,0,0,0,0,0,0,0,0,0,0,0,0,0,0,0,0,0,0,0,0,0,0,0,0,0,0,0,0]} 1. e4 e5 2. Nf3 Nc6 3. Bb5 a6 4. Ba4 Nf6 5. O-O Be7 6. d3 b5 7. Bb3 d6 8. Bd2 {C84: Closed Ruy Lopez: Unusual White 6th moves} (8. c3 Na5 9. Bc2 c5 10. d4 cxd4 11. cxd4 O-O 12. h3 Re8 13. d5 Bd7 14. Nc3 Qb8 15. Bd3 Rc8 16. Ne2 {0-1 (40) Carlsen,M (2882)-Ding,L (2805) Saint Louis 2019}) 8... O-O 9. h3 a5 $146 ({Predecessor:} 9... Bb7 10. Re1 Qd7 11. a3 Nd8 12. c4 Ne6 13. Nc3 c5 14. Rb1 Bc6 15. Ba2 bxc4 16. Bxc4 {½-½ (33) Huschenbeth,N (2620)-Vitiugov,N (2732) Khanty-Mansiysk 2019}) 10. a4 b4 11. Be3 d5 12. Nbd2 d4 13. Bg5 Nd7 14. Bxe7 Qxe7 15. Bd5 Ra6 16. Nb3 Nd8 17. Bc4 Ra7 18. Nfd2 g5 19. Qh5 Kh8 20. c3 dxc3 21. bxc3 bxc3 22. Nb1 c2 23. Na3 Nb6 24. Qe2 c6 ({Better is} 24... Bd7 $11) 25. Qxc2 Nxa4 26. Qd2 Rg8 27. Nc2 Nb6 28. Nxa5 g4 29. Qe3 gxh3 30. g3 c5 31. Kh2 Nd7 32. Qd2 Nf6 (32... Nb6 $11) 33. Ne3 $14 Ng4+ 34. Nxg4 Bxg4 35. Qc3 (35. Qe3 $14) 35... Re8 ({Black should play} 35... Qf6 $11 36. f4 Re7) 36. f3 {[%mdl 1024] White has compensation.} Bc8 37. Bd5 (37. f4 $16) 37... f6 $1 38. Nb3 Rc7 39. f4 Be6 40. Bxe6 Qxe6 41. fxe5 ({Avoid the trap} 41. Nxc5 $2 Qg4 $19) 41... fxe5 42. Ra8 ({But not} 42. Nxc5 Qd6 $15) 42... Nf7 43. Qc4 {[#] Qxe6 is the strong threat.} Kg7 {Threatens to win with ...Qxc4.} 44. Rxe8 Qxe8 45. Nxc5 Rc6 46. Qd5 {aiming for Rxf7+!} Nh6 (46... Ng5 $1 $11) 47. Qd7+ (47. Kxh3 $16 {Black must now prevent d4.} Rg6 48. Qd7+ Qxd7+ 49. Nxd7) 47... Qxd7 $11 {The position is equal.} 48. Nxd7 {[%mdl 4096] Endgame KRN-KRN} Ng4+ 49. Kxh3 Rd6 $1 {[#] And now ...Ne3 would win.} 50. Kxg4 Rxd7 {KR-KR} 51. Rf3 Kg6 52. Kh3 Rd8 53. Kg2 Kg5 54. Kf2 Kg4 55. Ke2 h5 56. Rf5 Re8 57. Kf2 Rd8 58. Ke3 Re8 59. Kd2 Re7 60. Ke2 Re8 61. Rf3 Re7 62. Kf2 Rd7 63. Rf8 Rxd3 64. Rg8+ Kh3 65. Rg5 h4 66. gxh4 Kxh4 67. Rxe5 Kg4 68. Rf5 Ra3 69. Rf8 Ra2+ 70. Ke3 {Hoping for Rg8+.} Ra3+ 71. Kd4 Ra4+ 72. Kd5 Ra5+ 73. Kd6 Ra6+ 74. Ke7 Ra7+ 75. Kf6 Ra6+ {Accuracy: White = 52%, Black = 65%.} 1/2-1/2

[Event "FIDE Chesscom Grand Swiss 2019"]
[Site "Douglas-Isle of Man"]
[Date "2019.10.19"]
[Round "9.23"]
[White "Korobov, Anton"]
[Black "Mareco, Sandro"]
[Result "1/2-1/2"]
[WhiteElo "2679"]
[BlackElo "2634"]
[Annotator "TA"]
[PlyCount "60"]
[EventDate "2019.10.10"]
[EventType "swiss"]
[EventCountry "GBR"]
[SourceTitle "playchess.com"]
[Source "ChessBase"]
[SourceQuality "1"]

{[%evp 16,60,29,29,29,17,39,35,33,36,33,32,36,33,39,33,39,39,39,34,39,38,39,33,59,39,33,26,36,32,55,33,31,23,33,24,33,17,17,17,18,0,0,0,0,0,0]} 1. d4 Nf6 2. c4 e6 3. Nf3 b6 4. g3 Ba6 5. Qc2 Bb7 6. Bg2 c5 7. O-O cxd4 8. Nxd4 Bxg2 9. Kxg2 Be7 {E15: Queen's Indian: 4 g3 sidelines, 4 g3 Ba6 and 4 g3 Bb7 early deviations} (9... Qc7 10. e4 a6 11. Nf3 d6 12. Bf4 Nbd7 13. Qe2 Be7 14. Nc3 Rc8 15. Rac1 O-O 16. b3 Ne5 17. Nd4 Qb7 {1-0 (59) Matlakov,M (2699)-Vavulin,M (2552) Yaroslavl 2018}) 10. e4 d6 11. Nc3 O-O {White is slightly better.} 12. b3 Qc8 13. Be3 Qb7 14. f3 a6 $146 ({Predecessor:} 14... Nbd7 15. Rfd1 Rac8 16. Qe2 a6 17. Rac1 Rfe8 {½-½ (31) Jarzebowski,K (2079)-Szpar,M (2311) Szklarska Poreba 2019}) 15. Qe2 Nc6 16. Nxc6 Qxc6 17. Rac1 {[%cal Ba1c1,Bc1c2,Bc2d2][%mdl 32]} Qb7 18. Rfd1 Rfd8 19. h4 Rac8 20. a4 Nd7 21. Bg5 Ne5 22. Rc2 Nc6 23. Bxe7 Qxe7 24. Qe3 Rb8 25. Rcd2 h6 26. h5 Qc7 {The position is equal.} 27. Qf4 Na5 28. Rxd6 Rxd6 29. Qxd6 Qxd6 30. Rxd6 Nxb3 {Accuracy: White = 46%, Black = 73%.} 1/2-1/2

[Event "FIDE Chesscom Grand Swiss 2019"]
[Site "Douglas-Isle of Man"]
[Date "2019.10.19"]
[Round "9.23"]
[White "Zvjaginsev, Vadim"]
[Black "Keymer, Vincent"]
[Result "1/2-1/2"]
[WhiteElo "2644"]
[BlackElo "2506"]
[Annotator "ChessBase"]
[PlyCount "100"]
[EventDate "2019.10.10"]
[EventType "swiss"]
[EventCountry "GBR"]
[SourceTitle "playchess.com"]
[Source "ChessBase"]
[SourceQuality "1"]
[TimeControl "40/6000+30:20/3000+30:900+30"]

1. c4 {[%emt 0:00:00]} e6 {[%emt 0:00:00]} 2. Nc3 {[%emt 0:00:00]} Nf6 {[%emt 0:00:01]} 3. Nf3 {[%emt 0:02:42]} d5 {[%emt 0:00:06]} 4. e3 {[%emt 0:01:21]} dxc4 {[%emt 0:00:05]} 5. Bxc4 {[%emt 0:00:54]} a6 {[%emt 0:00:03]} 6. a4 {[%emt 0:02:05]} c5 {[%emt 0:00:15]} 7. b3 {[%emt 0:01:38]} Nc6 {[%emt 0:00:39]} 8. Bb2 {[%emt 0:00:24]} Be7 {[%emt 0:03:30]} 9. g4 {[%emt 0:02:43]} h6 {[%emt 0:11:19]} 10. Rg1 {[%emt 0:02:09]} b6 {[%emt 0:04:39]} 11. h4 {[%emt 0:03:18]} Nd7 {[%emt 0:14:31]} 12. Ne4 {[%emt 0:04:32]} Nf6 {[%emt 0:04:52]} 13. Qb1 {[%emt 0:02:17]} Bb7 {[%emt 0:05:15]} 14. g5 {[%emt 0:03:50]} Nxe4 {[%emt 0:05:26]} 15. Qxe4 {[%emt 0:01:20]} Na5 {[%emt 0:00:31]} 16. Qf4 {[%emt 0:04:59]} Nxc4 {[%emt 0:02:07]} 17. bxc4 {[%emt 0:00:58]} hxg5 {[%emt 0:01:51]} 18. hxg5 {[%emt 0:06:06]} f6 {[%emt 0:09:57]} 19. gxf6 {[%emt 0:03:49]} Bxf6 {[%emt 0:02:38]} 20. Ne5 {[%emt 0:28:48]} Qd6 {[%emt 0:09:02]} 21. O-O-O {[%emt 0:00:25]} O-O-O {[%emt 0:04:38]} 22. d3 {[%emt 0:02:34]} Rh5 {[%emt 0:03:12]} 23. Nf7 {[%emt 0:06:42]} Qxf4 {[%emt 0:03:15]} 24. exf4 {[%emt 0:01:58]} Rd7 {[%emt 0:05:02]} 25. Ng5 {[%emt 0:01:01]} Re7 {[%emt 0:01:57]} 26. Rde1 {[%emt 0:04:51]} Bxg5 {[%emt 0:07:01]} 27. Rxg5 {[%emt 0:01:23]} Rxg5 {[%emt 0:01:23]} 28. fxg5 {[%emt 0:00:05]} Kd7 {[%emt 0:00:44]} 29. g6 {[%emt 0:01:18]} e5 {[%emt 0:01:51]} 30. Rxe5 {[%emt 0:05:26]} Rxe5 {[%emt 0:00:26]} 31. Bxe5 {[%emt 0:00:04]} Bf3 {[%emt 0:00:09]} 32. a5 {[%emt 0:00:49]} b5 {[%emt 0:06:33]} 33. cxb5 {[%emt 0:00:37]} axb5 {[%emt 0:00:04]} 34. Bxg7 {[%emt 0:02:01]} Bh5 {[%emt 0:00:04]} 35. Bf8 {[%emt 0:00:13]} Bxg6 {[%emt 0:00:04]} 36. Kd2 {[%emt 0:00:18]} Kc6 {[%emt 0:00:09]} 37. a6 {[%emt 0:04:09]} Kb6 {[%emt 0:00:05]} 38. Bxc5+ {[%emt 0:00:40]} Kxa6 {[%emt 0:00:04]} 39. d4 {[%emt 0:00:38]} Bf7 {[%emt 0:01:06]} 40. Ke3 {[%emt 0:00:11]} Kb7 {[%emt 0:00:06]} 41. Ke4 {[%emt 0:50:12]} Kc6 {[%emt 0:50:04]} 42. Ke5 {[%emt 0:00:10]} Bc4 {[%emt 0:00:06]} 43. f4 {[%emt 0:00:30]} Bb3 {[%emt 0:00:05]} 44. f5 {[%emt 0:00:59]} Bc4 {[%emt 0:00:05]} 45. Bb4 {[%emt 0:00:05]} Bb3 {[%emt 0:00:11]} 46. Bc3 {[%emt 0:01:12]} Bc4 {[%emt 0:00:36]} 47. Kf6 {[%emt 0:00:15]} Kd7 {[%emt 0:00:17]} 48. Kg7 {[%emt 0:00:38]} Ke8 {[%emt 0:00:29]} 49. Kg6 {[%emt 0:00:10]} Bb3 {[%emt 0:00:36]} 50. Kf6 {[%emt 0:01:27]} Kd7 {[%emt 0:00:05]} 1/2-1/2

[Event "FIDE Chesscom Grand Swiss 2019"]
[Site "Douglas-Isle of Man"]
[Date "2019.10.19"]
[Round "9.24"]
[White "Cheparinov, Ivan"]
[Black "Deac, Bogdan-Daniel"]
[Result "1/2-1/2"]
[WhiteElo "2670"]
[BlackElo "2613"]
[Annotator "TA"]
[PlyCount "63"]
[EventDate "2019.10.10"]
[EventType "swiss"]
[EventCountry "GBR"]
[SourceTitle "playchess.com"]
[Source "ChessBase"]
[SourceQuality "1"]

{[%evp 13,63,2,0,0,22,0,33,20,20,20,27,26,20,16,17,29,32,39,27,14,14,14,12,6,8,8,9,0,0,0,0,0,0,0,0,0,0,0,0,0,3,0,0,0,7,0,6,0,12,10,25,25]} 1. d4 Nf6 2. c4 e6 3. Nf3 d5 4. g3 Be7 5. Bg2 O-O 6. O-O dxc4 7. Qc2 b5 8. a4 {E05: Open Catalan: 5 Nf3 Be7} b4 9. Nfd2 Nd5 10. Nxc4 {White is slightly better.} c5 11. dxc5 Ba6 12. Ne3 {Hoping for Nxd5.} Nd7 $1 13. Nxd5 exd5 14. c6 Rc8 15. Bf4 Nc5 {[#]} 16. c7 $146 Qd7 $1 17. Nd2 g5 18. Be5 f6 19. Bd4 Rxc7 {[#] Threatens to win with ...Ne6.} 20. Nb3 Nxb3 21. Qxb3 Bxe2 22. Bxd5+ Kg7 23. Rfe1 Rd8 24. Be6 Qxd4 25. Rxe2 Qd3 26. Rae1 {[#] Qxd3 is the strong threat.} Bc5 27. Kg2 (27. Rc2 {keeps more tension.} Qxb3 28. Bxb3 Rd3 29. Bc4 Rdd7 30. b3) 27... Qxb3 28. Bxb3 Rdd7 29. Be6 Re7 30. Re4 Bd6 31. R1e2 a5 32. b3 {Accuracy: White = 73%, Black = 70%.} 1/2-1/2

[Event "FIDE Chesscom Grand Swiss 2019"]
[Site "Douglas-Isle of Man"]
[Date "2019.10.19"]
[Round "9.24"]
[White "Piorun, Kacper"]
[Black "Kashlinskaya, Alina"]
[Result "0-1"]
[WhiteElo "2643"]
[BlackElo "2481"]
[Annotator "ChessBase"]
[PlyCount "116"]
[EventDate "2019.10.10"]
[EventType "swiss"]
[EventCountry "GBR"]
[SourceTitle "playchess.com"]
[Source "ChessBase"]
[SourceQuality "1"]
[TimeControl "40/6000+30:20/3000+30:900+30"]

1. c4 {[%emt 0:00:00]} e5 {[%emt 0:00:00]} 2. Nc3 {[%emt 0:00:00]} Bb4 {[%emt 0:00:00]} 3. Nd5 {[%emt 0:00:00]} Be7 {[%emt 0:00:13]} 4. Nf3 {[%emt 0:00:24]} d6 {[%emt 0:00:27]} 5. d4 {[%emt 0:00:07]} Nf6 {[%emt 0:00:16]} 6. Nxe7 {[%emt 0:01:22]} Qxe7 {[%emt 0:00:07]} 7. e3 {[%emt 0:00:12]} O-O {[%emt 0:07:02]} 8. Be2 {[%emt 0:00:30]} exd4 {[%emt 0:09:36]} 9. Nxd4 {[%emt 0:05:17]} Rd8 {[%emt 0:01:08]} 10. O-O {[%emt 0:05:47]} c5 {[%emt 0:01:33]} 11. Nf3 {[%emt 0:00:51]} Bf5 {[%emt 0:06:45]} 12. Bd2 {[%emt 0:05:55]} Ne4 {[%emt 0:09:59]} 13. Qb3 {[%emt 0:13:54]} Nxd2 {[%emt 0:08:44]} 14. Nxd2 {[%emt 0:00:02]} Nc6 {[%emt 0:00:08]} 15. Rfe1 {[%emt 0:09:58]} Be6 {[%emt 0:02:08]} 16. e4 {[%emt 0:03:05]} a6 {[%emt 0:14:42]} 17. Qc3 {[%emt 0:03:24]} Nd4 {[%emt 0:01:07]} 18. Bf1 {[%emt 0:05:53]} b5 {[%emt 0:00:46]} 19. Rac1 {[%emt 0:04:45]} Rab8 {[%emt 0:03:26]} 20. b3 {[%emt 0:07:42]} b4 {[%emt 0:03:47]} 21. Qa1 {[%emt 0:00:53]} Rb6 {[%emt 0:04:51]} 22. Re3 {[%emt 0:00:57]} Rdb8 {[%emt 0:00:51]} 23. Bd3 {[%emt 0:04:41]} a5 {[%emt 0:04:15]} 24. f4 {[%emt 0:00:22]} a4 {[%emt 0:03:12]} 25. Rf1 {[%emt 0:05:36]} Bd7 {[%emt 0:04:51]} 26. Qb1 {[%emt 0:03:09]} axb3 {[%emt 0:01:02]} 27. axb3 {[%emt 0:00:02]} Ra8 {[%emt 0:02:54]} 28. e5 {[%emt 0:08:00]} f5 {[%emt 0:04:58]} 29. Nf3 {[%emt 0:00:05]} Nxf3+ {[%emt 0:00:47]} 30. Rfxf3 {[%emt 0:00:06]} Rba6 {[%emt 0:00:11]} 31. Rf1 {[%emt 0:01:44]} g6 {[%emt 0:03:52]} 32. e6 {[%emt 0:04:16]} Bc6 {[%emt 0:00:36]} 33. Qe1 {[%emt 0:03:27]} Ra2 {[%emt 0:01:00]} 34. Be2 {[%emt 0:02:06]} Qf6 {[%emt 0:01:21]} 35. Bf3 {[%emt 0:07:48]} Bxf3 {[%emt 0:00:05]} 36. Rexf3 {[%emt 0:00:01]} Kf8 {[%emt 0:05:30]} 37. Rd3 {[%emt 0:03:22]} Rc2 {[%emt 0:02:03]} 38. Kh1 {[%emt 0:02:13]} Raa2 {[%emt 0:00:41]} 39. Rg1 {[%emt 0:00:01]} Re2 {[%emt 0:01:30]} 40. Qd1 {[%emt 0:00:07]} Rxe6 {[%emt 0:02:39]} 41. h3 {[%emt 0:50:08]} Ke7 {[%emt 0:03:32]} 42. Re1 {[%emt 0:00:00]} Kd7 {[%emt 0:08:00]} 43. Rxe6 {[%emt 0:00:00]} Qxe6 {[%emt 0:00:15]} 44. Kh2 {[%emt 0:00:00]} Kc7 {[%emt 0:00:26]} 45. Rd2 {[%emt 0:00:00]} Rxd2 {[%emt 0:02:18]} 46. Qxd2 {[%emt 0:00:00]} Qe4 {[%emt 0:00:24]} 47. g3 {[%emt 0:00:00]} d5 {[%emt 0:04:32]} 48. Qa2 {[%emt 0:00:00]} dxc4 {[%emt 0:10:58]} 49. Qa7+ {[%emt 0:00:00]} Kc6 {[%emt 0:01:02]} 50. Qa8+ {[%emt 0:00:00]} Kd7 {[%emt 0:00:23]} 51. Qa7+ {[%emt 0:00:00]} Ke6 {[%emt 0:01:35]} 52. Qb6+ {[%emt 0:00:00]} Kf7 {[%emt 0:00:09]} 53. Qxc5 {[%emt 0:00:00]} Qc2+ {[%emt 0:04:06]} 54. Kg1 {[%emt 0:00:00]} cxb3 {[%emt 0:00:40]} 55. Qd5+ {[%emt 0:00:00]} Ke7 {[%emt 0:00:10]} 56. Qe5+ {[%emt 0:00:00]} Kd7 {[%emt 0:00:13]} 57. Qd5+ {[%emt 0:00:00]} Kc7 {[%emt 0:00:05]} 58. Qa5+ {[%emt 0:00:00]} Kc6 {[%emt 0:00:18]} 0-1

[Event "FIDE Chesscom Grand Swiss 2019"]
[Site "Douglas-Isle of Man"]
[Date "2019.10.19"]
[Round "9.25"]
[White "Adly, Ahmed"]
[Black "Stefanova, Antoaneta"]
[Result "1-0"]
[WhiteElo "2636"]
[BlackElo "2479"]
[Annotator "ChessBase"]
[PlyCount "121"]
[EventDate "2019.10.10"]
[EventType "swiss"]
[EventCountry "GBR"]
[SourceTitle "playchess.com"]
[Source "ChessBase"]
[SourceQuality "1"]
[TimeControl "40/6000+30:20/3000+30:900+30"]

1. d4 {[%emt 0:00:00]} Nf6 {[%emt 0:00:00]} 2. c4 {[%emt 0:00:00]} g6 {[%emt 0:00:04]} 3. g3 {[%emt 0:00:16]} c6 {[%emt 0:01:05]} 4. Bg2 {[%emt 0:00:03]} d5 {[%emt 0:00:04]} 5. Nf3 {[%emt 0:00:04]} Bg7 {[%emt 0:01:34]} 6. O-O {[%emt 0:00:04]} O-O {[%emt 0:00:14]} 7. a4 {[%emt 0:00:02]} a5 {[%emt 0:12:19]} 8. Na3 {[%emt 0:00:16]} Be6 {[%emt 0:10:08]} 9. Bf4 {[%emt 0:06:09]} h6 {[%emt 0:04:08]} 10. Qb3 {[%emt 0:02:34]} Ra7 {[%emt 0:06:06]} 11. Rfc1 {[%emt 0:03:04]} Nbd7 {[%emt 0:03:57]} 12. Ne5 {[%emt 0:05:56]} dxc4 {[%emt 0:08:14]} 13. Qd1 {[%emt 0:07:36]} Nd5 {[%emt 0:02:19]} 14. Naxc4 {[%emt 0:00:28]} Nxe5 {[%emt 0:06:11]} 15. Bxe5 {[%emt 0:01:01]} f6 {[%emt 0:00:45]} 16. Bf4 {[%emt 0:00:03]} g5 {[%emt 0:08:24]} 17. Bd2 {[%emt 0:01:03]} f5 {[%emt 0:01:25]} 18. Ra3 {[%emt 0:02:25]} f4 {[%emt 0:04:54]} 19. Be1 {[%emt 0:01:56]} Nb4 {[%emt 0:07:49]} 20. Bxb4 {[%emt 0:08:38]} axb4 {[%emt 0:00:24]} 21. Rd3 {[%emt 0:00:02]} Qe8 {[%emt 0:07:11]} 22. b3 {[%emt 0:07:23]} Qf7 {[%emt 0:01:43]} 23. d5 {[%emt 0:01:46]} cxd5 {[%emt 0:04:21]} 24. Bxd5 {[%emt 0:00:03]} Bxd5 {[%emt 0:04:00]} 25. Rxd5 {[%emt 0:00:03]} fxg3 {[%emt 0:00:04]} 26. fxg3 {[%emt 0:00:05]} Ra6 {[%emt 0:02:26]} 27. Rd8 {[%emt 0:04:39]} Qf2+ {[%emt 0:03:10]} 28. Kh1 {[%emt 0:00:02]} Re6 {[%emt 0:01:40]} 29. Rxf8+ {[%emt 0:00:36]} Bxf8 {[%emt 0:03:46]} 30. e3 {[%emt 0:00:34]} Rf6 {[%emt 0:02:21]} 31. Qd5+ {[%emt 0:02:32]} e6 {[%emt 0:00:05]} 32. Qg2 {[%emt 0:00:02]} Bc5 {[%emt 0:00:47]} 33. Rd1 {[%emt 0:00:02]} Bxe3 {[%emt 0:01:46]} 34. Rd8+ {[%emt 0:03:40]} Rf8 {[%emt 0:01:43]} 35. Rxf8+ {[%emt 0:00:14]} Kxf8 {[%emt 0:00:05]} 36. Qxf2+ {[%emt 0:00:03]} Bxf2 {[%emt 0:00:05]} 37. Kg2 {[%emt 0:00:08]} Bc5 {[%emt 0:00:36]} 38. g4 {[%emt 0:00:06]} Kg7 {[%emt 0:00:45]} 39. Kf3 {[%emt 0:00:08]} Kf6 {[%emt 0:00:42]} 40. Ke4 {[%emt 0:00:20]} Ke7 {[%emt 0:01:36]} 41. Na5 {[%emt 0:50:08]} b6 {[%emt 0:17:07]} 42. Nc6+ {[%emt 0:00:00]} Kd6 {[%emt 0:03:02]} 43. Ne5 {[%emt 0:00:00]} Ke7 {[%emt 0:04:04]} 44. h3 {[%emt 0:00:00]} Bd6 {[%emt 0:11:28]} 45. Nd3 {[%emt 0:00:00]} Kf6 {[%emt 0:08:06]} 46. Kd4 {[%emt 0:00:00]} h5 {[%emt 0:02:11]} 47. Kc4 {[%emt 0:00:00]} hxg4 {[%emt 0:03:57]} 48. hxg4 {[%emt 0:00:00]} Bg3 {[%emt 0:00:20]} 49. Kd4 {[%emt 0:00:00]} Bd6 {[%emt 0:00:14]} 50. Ke4 {[%emt 0:00:00]} Ke7 {[%emt 0:01:32]} 51. Ke3 {[%emt 0:00:00]} Kf7 {[%emt 0:01:00]} 52. Ke4 {[%emt 0:00:00]} Ke7 {[%emt 0:00:04]} 53. Ne5 {[%emt 0:00:00]} Bc7 {[%emt 0:02:39]} 54. Nc6+ {[%emt 0:00:00]} Kd6 {[%emt 0:00:28]} 55. Nxb4 {[%emt 0:00:00]} Bd8 {[%emt 0:00:34]} 56. Kd4 {[%emt 0:00:00]} Bf6+ {[%emt 0:00:07]} 57. Kc4 {[%emt 0:00:00]} Ke5 {[%emt 0:00:31]} 58. Nc6+ {[%emt 0:00:00]} Kf4 {[%emt 0:00:27]} 59. b4 {[%emt 0:00:00]} e5 {[%emt 0:00:15]} 60. a5 {[%emt 0:00:00]} e4 {[%emt 0:00:58]} 61. axb6 {[%emt 0:00:00]} 1-0

[Event "FIDE Chesscom Grand Swiss 2019"]
[Site "Douglas-Isle of Man"]
[Date "2019.10.19"]
[Round "9.25"]
[White "Moiseenko, Alexander"]
[Black "Leko, Peter"]
[Result "1/2-1/2"]
[WhiteElo "2635"]
[BlackElo "2670"]
[Annotator "TA"]
[PlyCount "73"]
[EventDate "2019.10.10"]
[EventType "swiss"]
[EventCountry "GBR"]
[SourceTitle "playchess.com"]
[Source "ChessBase"]
[SourceQuality "1"]

{[%evp 12,73,20,12,6,16,14,24,8,13,16,16,16,18,15,19,16,16,16,9,10,10,10,18,19,16,17,7,9,6,10,4,7,7,8,8,8,6,0,0,0,0,4,7,3,0,0,0,0,0,0,0,0,0,0,0,0,0,0,0,0,0,0,0]} 1. d4 Nf6 2. c4 e6 3. Nc3 $146 ({Predecessor:} 3. Nf3 d5 4. Nc3 {½-½ (30) Tari,A (2588)-Leko,P (2679) Douglas 2017}) 3... Bb4 4. Nf3 d5 5. Qa4+ Nc6 6. e3 O-O 7. Bd2 dxc4 {D38: Queen's Gambit Declined: Ragozin Defence (4 Nf3 Bb4)} 8. Bxc4 Bd6 9. Qc2 a6 {White has an edge.} 10. a3 {The position is equal.} e5 11. dxe5 Nxe5 12. Nxe5 Bxe5 13. f4 Bxc3 14. Bxc3 Ng4 15. Bd4 c5 16. Bxc5 Re8 $1 17. O-O Nxe3 18. Bxe3 Rxe3 19. Qf2 Re8 20. f5 Bxf5 21. Bxf7+ Kxf7 22. Qxf5+ Kg8 23. Qf7+ Kh8 24. Qxb7 Qd4+ 25. Kh1 Reb8 $1 {[%cal Rb8b7]} 26. Rad1 Rxb7 27. Rxd4 Rxb2 $11 {[%mdl 4096] Endgame KRR-KRR} 28. h3 Kg8 29. Rd6 Rb3 30. Rf3 Rxf3 31. gxf3 {KR-KR} Rf8 32. Kg2 Rf6 33. Rxf6 gxf6 34. f4 Kf7 35. Kf3 Ke6 {[#] White must now prevent ...f5.} 36. Ke4 Kd6 37. Kd4 {Accuracy: White = 69%, Black = 98%.} 1/2-1/2

[Event "FIDE Chesscom Grand Swiss 2019"]
[Site "Douglas-Isle of Man"]
[Date "2019.10.19"]
[Round "9.26"]
[White "Fedoseev, Vladimir"]
[Black "Sethuraman, S.P."]
[Result "1/2-1/2"]
[WhiteElo "2664"]
[BlackElo "2624"]
[Annotator "TA"]
[PlyCount "171"]
[EventDate "2019.10.10"]
[EventType "swiss"]
[EventCountry "GBR"]
[SourceTitle "playchess.com"]
[Source "ChessBase"]
[SourceQuality "1"]

{[%evp 9,171,14,12,-13,0,0,8,2,7,0,8,18,12,16,12,12,28,14,10,0,0,0,0,0,3,0,16,-10,0,0,0,0,0,0,0,0,0,0,0,0,20,0,8,7,8,8,11,12,13,12,14,8,8,1,1,1,1,1,12,14,27,22,27,14,31,0,31,31,50,50,50,50,50,50,50,50,50,50,50,50,57,0,0,0,0,0,5,5,5,5,5,5,6,5,5,0,5,0,5,0,5,0,0,0,0,0,0,0,0,0,0,0,0,0,0,0,5,0,5,5,5,0,0,0,0,0,0,0,0,0,0,0,0,0,8,0,5,5,8,5,5,0,5,0,0,3,5,5,5,0,8,5,8,8,8,0,0,0,0,0,0,0,5,5]} 1. d4 Nf6 2. c4 e6 3. g3 d5 4. Bg2 Be7 5. Nf3 O-O 6. Qb3 {E06: Closed Catalan: Early deviations} (6. O-O dxc4 7. Na3 Bxa3 8. bxa3 Bd7 9. Ne5 Bc6 10. Nxc6 Nxc6 11. Bxc6 bxc6 12. Bg5 h6 13. Bxf6 Qxf6 14. Rc1 c5 15. dxc5 Qb2 16. Rxc4 Qxa2 17. Ra4 Rad8 18. Qc1 Qxe2 19. Rxa7 {½-½ (30) Xiong,J (2707)-Radjabov,T (2758) Khanty-Mansiysk 2019}) 6... c5 7. cxd5 Qxd5 8. Nc3 Qxb3 9. axb3 Nc6 10. dxc5 Bxc5 11. O-O Bd7 12. Bf4 $146 ({Predecessor:} 12. Rd1 Rfd8 13. Ne1 Be8 {1-0 (26) Studer,N (2484)-Ekstroem,R (2381) Lenzerheide 2018}) 12... Rac8 13. Rfc1 b6 14. Rd1 Rfd8 15. h3 Be8 16. Ne5 {Nxc6 is the strong threat.} Rxd1+ 17. Rxd1 Na5 18. Ra1 Bb4 19. Nd3 Bxc3 20. bxc3 Rxc3 21. b4 Nc6 22. Bxc6 Rxc6 23. Rxa7 {With the idea Ra8.} Rc8 $1 24. Be5 Bb5 25. Nf4 Nd7 (25... Rc1+ {with more complications.} 26. Kh2 Ne8 27. Bd4 Rb1 28. Bxb6 Bc6) 26. Bc7 Bc6 27. f3 Ra8 28. Rxa8+ Bxa8 $11 {[%mdl 4096] Endgame KBN-KBN} 29. e4 Bc6 30. Ne2 e5 31. Nc3 b5 32. Kf2 f6 33. f4 exf4 34. gxf4 Kf7 35. Ke3 g6 36. Ne2 Nf8 37. Nd4 Bd7 38. f5 Ke7 39. h4 Be8 40. Bf4 Bd7 41. Bb8 Be8 42. Ba7 Kf7 43. Bc5 Bd7 44. Kf4 Ke8 45. Kg4 (45. Kf3 $14) 45... gxf5+ {The position is equal.} 46. exf5 {[#] Strongly threatening Kh5.} Ng6 $1 47. h5 Ne5+ 48. Kf4 Nf7 49. Ke4 Nh6 50. Bd6 Kf7 51. Bf4 Ng8 52. Bd6 Nh6 53. Kf4 Ke8 54. Ke4 Kf7 55. Bg3 Ng8 56. Bf4 Ne7 57. Bd6 Ng8 58. Ne2 Nh6 59. Ng3 Bc6+ 60. Kf4 Bd7 61. Bc5 Bc8 62. Be3 Bd7 63. Bd2 Bc8 64. Ke4 Ng8 65. Kf3 Ne7 66. Kg4 Bd7 67. Be3 Bc8 68. Bc5 Ng8 69. Kf4 Nh6 70. Bd4 Bd7 71. Bc3 Bc8 72. Bb2 Ke7 73. Ke4 Kf7 74. Bc1 Ng8 75. Be3 Bd7 76. Kf4 Nh6 77. Bd4 Bc8 78. Ba1 Ke7 79. Bc3 Kf7 80. Bd2 Bd7 81. Ke4 Ng8 82. Ne2 Ne7 83. Nd4 Kg7 84. h6+ Kf7 85. Bf4 Nc6 86. Nxc6 {Accuracy: White = 57%, Black = 66%.} 1/2-1/2